The study of language / (Record no. 31693)

000 -LEADER
fixed length control field 01447cam a22002898i 4500
001 - CONTROL NUMBER
control field 20948541
005 - DATE AND TIME OF LATEST TRANSACTION
control field 20230717145352.0
008 - FIXED-LENGTH DATA ELEMENTS--GENERAL INFORMATION
fixed length control field 190425s2019 nyu b 001 0 eng
010 ## - LIBRARY OF CONGRESS CONTROL NUMBER
LC control number 2019020553
020 ## - INTERNATIONAL STANDARD BOOK NUMBER
International Standard Book Number 9781108499453 (alk. paper)
040 ## - CATALOGING SOURCE
Original cataloging agency DLC
Language of cataloging eng
Description conventions rda
Transcribing agency DLC
042 ## - AUTHENTICATION CODE
Authentication code pcc
050 00 - LIBRARY OF CONGRESS CALL NUMBER
Classification number P 107 .Y85 2019
082 00 - DEWEY DECIMAL CLASSIFICATION NUMBER
Classification number 401
Edition number 23
100 1# - MAIN ENTRY--PERSONAL NAME
Personal name Yule, George,
Dates associated with a name 1947-
Relator term author.
245 14 - TITLE STATEMENT
Title The study of language /
Statement of responsibility, etc. George Yule.
250 ## - EDITION STATEMENT
Edition statement Seventh edition.
263 ## - PROJECTED PUBLICATION DATE
Projected publication date 1908
300 ## - PHYSICAL DESCRIPTION
Extent pages cm
504 ## - BIBLIOGRAPHY, ETC. NOTE
Bibliography, etc Includes bibliographical references and index.
505 0# - FORMATTED CONTENTS NOTE
Formatted contents note Preface -- 1. The origins of language -- 2. Animals and human language -- 3. The sounds of language -- 4. The sound patterns of language -- 5. Word formation -- 6. Morphology -- 7. Grammar -- 8. Syntax -- 9. Semantics -- 10. Pragmatics -- 11. Discourse analysis -- 12. Language and the brain -- 13. First language acquisition -- 14. Second language acquisition/learning -- 15. Gestures and sign languages -- 16. Written language -- 17. Language history and change -- 18. Regional variation in language -- 19. Social variation in language -- 20. Language and culture -- Glossary -- References -- Index.
650 #0 - SUBJECT ADDED ENTRY--TOPICAL TERM
Topical term or geographic name as entry element Language and languages.
650 #0 - SUBJECT ADDED ENTRY--TOPICAL TERM
Topical term or geographic name as entry element Linguistics.
906 ## - LOCAL DATA ELEMENT F, LDF (RLIN)
a 7
b cbc
c orignew
d 1
e ecip
f 20
g y-gencatlg
942 ## - ADDED ENTRY ELEMENTS (KOHA)
Source of classification or shelving scheme
Koha item type Hard Covered Materials
Classification part P 107 .Y85 2019
Holdings
Withdrawn status Lost status Source of classification or shelving scheme Damaged status Not for loan Home library Current library Shelving location Date acquired Source of acquisition Total Checkouts Full call number Barcode Date last seen Date last checked out Price effective from Koha item type
          MACHAKOS UNIVERSITY LIBRARY MACHAKOS UNIVERSITY LIBRARY Open shelf 17/07/2023 Donation (falcon books) 2 P 107 .Y85 2019 39495 29/09/2025 10/09/2025 17/07/2023 Hard Covered Materials
          MACHAKOS UNIVERSITY LIBRARY MACHAKOS UNIVERSITY LIBRARY Open shelf 17/07/2023 Donation(falcon) 3 P 107 .Y85 2020 39497 08/12/2025 24/11/2025 17/07/2023 Hard Covered Materials
          MACHAKOS UNIVERSITY LIBRARY MACHAKOS UNIVERSITY LIBRARY Open shelf 17/07/2023 Donation (falcon) 2 P 107 .Y85 2020 39496 06/12/2024 25/11/2024 17/07/2023 Hard Covered Materials
© Machakos University Library, Along The Highway, Machakos Wote Rd, Machakos, Kenya P.O. Box 136 - 90100 Machakos - Kenya

Tel: ( +254 ) 723 805829 OR Fax : 044-20353 OR Email: library@mksu.ac.ke